000 00633nam a22002177a 4500
003 UA-OsUOA
001 77265
007 ta
008 20110906b un ||||| |||| 00| 0 ukr d
100 _aПаршина Е.С.
090 _a82
_bП18
942 _cSA
040 _aUA-OsUOA
_brus
_cUA-OsUOA
_dUA-OsUOA
245 _aЭволюция французского романа ХХ века
300 _aС.21-28
955 _a0
041 _arus
080 _a82
773 0 _w77264
_tВопросы филологических наук
_dМ.
_d2011
_g3
650 7 _a82 Література. Літературознавство
_2UDC
999 _c363573
_d363573